Statistics for Latin Phrases used in English

Click here to take the quiz!

General Stats

  • This quiz has been taken 22,148 times
  • The average score is 10 of 22

Answer Stats

English Meaning Latin Phrase % Correct
Seize the DayCarpe Diem
90%
I Came, I Saw, I ConqueredVeni, Vidi, Vici
70%
After DeathPostmortem
70%
In the Year of the LordAnno Domini
56%
My FaultMea Culpa
53%
And Other ThingsEt Cetera
52%
Hail MaryAve Maria
51%
Stiffness of DeathRigor Mortis
51%
In Wine, TruthIn Vino Veritas
47%
God From a MachineDeus ex machina
45%
Before the WarAntebellum
43%
I Think, Therefore I AmCogito Ergo Sum
42%
Solid LandTerra Firma
41%
Always FaithfulSemper Fidelis
39%
Per PersonPer Capita
37%
Voice of the PeopleVox Populi
37%
In the WombIn Utero
35%
AroundCirca
31%
This for ThatQuid Pro Quo
30%
Word for WordVerbatim
30%
Other IAlter Ego
29%
Let the Buyer BewareCaveat Emptor
25%

Score Distribution

Percentile by Number Answered

Percent of People with Each Score

Your Score History

You have not taken this quiz